| 000 | 00421 a2200157 4500 | ||
|---|---|---|---|
| 003 | NUST | ||
| 005 | 20230309174853.0 | ||
| 040 | _cNust | ||
| 082 | _a891.439,SIB | ||
| 100 |
_aHasan ,sabit _9110104 |
||
| 245 |
_aShahr-e-Nigaran /شہر نگاراں (Urdu) / _cSyed Sibte Hasan |
||
| 260 |
_aKarachi _bDanyial _c1988 |
||
| 300 | _a174 p.; | ||
| 650 |
_aUrdu Literature _xUrdu Novel _9110032 |
||
| 942 |
_2ddc _cBK _k891.439,SIB |
||
| 999 |
_c187853 _d187853 |
||